000 00955cam a22003013a 4500
001 5119
003 PGUSA
005 20140828083114.0
008 040201s2004||||xxu|||||s|||||000 1 eng d
040 _aPGUSA
_beng
042 _adc
050 4 _aPS
100 1 _aKlein, Charles,
_d1867-1915
245 1 4 _aThe Lion and the Mouse; a Story of an American Life
_h[electronic resource] /
_cCharles Klein
260 _bProject Gutenberg,
_c2004
506 _aPublic domain in the USA.
516 _aElectronic text
653 _aChildren of the rich -- Fiction
653 _aWomen authors -- Fiction
653 _aUnited States -- Social life and customs -- 1865-1918 -- Fiction
653 _aSupreme Court justices -- Fiction
653 _aLove stories
653 _aRevenge -- Fiction
653 _aCapitalists and financiers -- Fiction
830 0 _aProject Gutenberg
_v5119
856 4 0 _uhttp://www.gutenberg.org/ebooks/5119
942 _cEB
999 _c234448
_d234448